000 00796nam0a22002291 4500
001 rc\974274
005 20250622063154.0
035 _a(NLR Aleph) 006143081
090 _a5682746
_c5682746
100 _a20041129d1982 |||y0rusy50 ca
101 0 _arus
102 _aRU
105 _aa |||||||||
200 1 _aКак речка в дом прибежала
_e[Для дошкол. и мл. школ. возраста]
_fРимма Кошурникова
_g[Рис. А. Шурица]
210 _aНовосибирск
_cЗап.-Сиб. кн. изд-во
_d1982
215 _a22 с.
_cцв. ил.
_d27
700 1 _aКошурникова
_bР.В.
_gРимма Викентьевна
801 0 _aRU
_bNLR
_gpsbo
801 1 _aRU
_bELAR
_2rusmarc
852 _aNLR
_j82-8/1055
942 _cBOOK
980 _aNB